[Event "22nd OIBM 2018"]
[Site "Gmund am Tegernsee"]
[Date "2018.10.31"]
[Round "5"]
[White "Hacker, Jonas"]
[Black "Wolf, Pablo"]
[Result "1-0"]
[WhiteElo "2345"]
[BlackElo "1983"]
[Annotator "TA"]
[PlyCount "83"]
[EventDate "2018.10.27"]
[EventType "swiss"]
[EventCountry "GER"]
[SourceTitle "playchess.com"]
[Source "ChessBase"]
[SourceQuality "1"]

{[%evp 22,83,63,46,65,66,80,29,62,53,64,28,72,55,67,27,19,6,19,0,20,18,100,87,106,45,72,54,60,71,81,32,69,85,229,266,252,260,245,217,378,365,442,429,391,397,546,548,704,385,579,573,558,526,931,895,976,956,1585,1016,5265,5265,5206,5138]} 1. e4 c5 2. Nf3 d6 3. d4 cxd4 4. Nxd4 Nf6 5. f3 a6 6. c4 g6 7. Nc3 Bg7 8. Be3 O-O 9. Be2 Bd7 10. O-O Nc6 11. Qd2 Rc8 12. Rfc1 {LiveBook: 5 Games} Ne5 {B38: Sicilian: Maroczy Bind with 5...Bg7 and 7...0-0} 13. b3 e6 $146 ({Predecessor:} 13... Bc6 14. Rab1 Qc7 15. Nxc6 Qxc6 16. Bf1 Qd7 17. Qf2 Nh5 18. Nd5 Rc6 19. h3 f5 20. f4 {1-0 (27) Bok,B (2575)-Alishani,I (2110) Skopje 2014}) 14. h3 (14. Rd1 $16) 14... Qc7 {White has an edge.} 15. f4 Nc6 16. Bf3 Rfd8 17. Qf2 Qb8 18. Nxc6 Bxc6 19. a4 Nd7 $1 20. b4 b5 21. cxb5 axb5 (21... Bxb5 $11 22. axb5 Bxc3) 22. a5 $16 (22. axb5 $6 Bxb5 23. Ba7 Qb7 $11) 22... Qa8 23. Ra3 (23. a6 $16) 23... Nf6 {[%cal Rc6e4]} 24. Bb6 Re8 {[%cal Rf6e4]} 25. Re1 $36 {[%mdl 2048] Black is under strong pressure.} Nd7 26. Be3 Nf6 {[%cal Rf6e4]} 27. Bd4 Rc7 (27... e5 $16 28. fxe5 dxe5) 28. e5 $18 dxe5 {[#]} 29. Nxb5 $1 {[%mdl 512]} Rd7 (29... Bxb5 30. Bxa8) 30. fxe5 ({But not} 30. Bxe5 $6 Bxf3 31. Rxf3 (31. Qxf3 Nd5 $16) 31... Nd5 $16) 30... Nd5 $2 (30... Bxf3 31. exf6 (31. Rxf3 Ne4 $16) (31. gxf3 Nd5 $16) 31... Bc6) 31. Nd6 Rb8 32. Bxd5 Bxd5 33. Bc5 Qc6 34. a6 {[%cal Ba5a6,Ba6a7][%mdl 32]} Bxe5 35. b5 {[%cal Bb4b5,Bb5b6][%mdl 32]} Qc7 (35... Qxc5 $142 36. Qxc5 Bxd6) 36. Rxe5 {White is clearly winning.} Rxd6 37. a7 Ra8 38. Bxd6 Qxd6 39. Qe3 Qb4 40. b6 Qb2 {[#]} 41. Rxd5 $1 {[%mdl 512]} exd5 42. Rb3 {Precision: White = 51%, Black = 15%.} 1-0

[Event "22nd OIBM 2018"]
[Site "Gmund am Tegernsee"]
[Date "2018.10.31"]
[Round "5"]
[White "Wacker, Peter"]
[Black "Banusz, Tamas"]
[Result "0-1"]
[WhiteElo "2313"]
[BlackElo "2606"]
[Annotator "TA"]
[PlyCount "118"]
[EventDate "2018.10.27"]
[EventType "swiss"]
[EventCountry "GER"]
[SourceTitle "playchess.com"]
[Source "ChessBase"]
[SourceQuality "1"]

{[%evp 30,118,33,25,52,5,16,4,8,4,11,13,19,-25,32,18,21,37,28,22,32,26,68,0,28,0,0,0,0,0,0,0,0,-11,-11,-18,0,-12,-7,-15,0,0,0,0,0,0,0,0,0,0,0,0,0,0,0,0,0,0,0,0,0,-789,-789,-766,-741,-741,-606,-29971,-29972,-29972,-29973,-29973,-29974,-29974,-29975,-29975,-29976,-29976,-29978,-29978,-29979,-29979,-29980,-29980,-29981,-29981,-29982,-29981,-29982,-29983,-29984]} 1. e4 c5 2. Nf3 Nc6 3. Nc3 e6 4. d4 cxd4 5. Nxd4 Nf6 {[%cal Bg8f6,Bf6d5,Bd5b4][%mdl 32]} 6. Nxc6 bxc6 7. e5 Nd5 8. Ne4 Qc7 9. f4 Qb6 10. Bd3 Nb4 11. Be2 Nd5 12. Bd3 Ba6 13. Bxa6 Qxa6 14. Qe2 {B45: Sizilianisch (Klassisches System)} Qxe2+ 15. Kxe2 f5 16. Nf2 {LiveBook: 19 Partien. Weiß steht etwas besser.} d6 (16... Rb8 17. c4 Nb4 18. Bd2 Bc5 19. Bxb4 Rxb4 20. b3 Bxf2 21. Kxf2 a5 22. Ke3 Ke7 {½-½ (20) Campora,D (2555)-Nunn,J (2605) Leon 1997 CBM 060 [Rogozenco,D]}) 17. exd6 Bxd6 18. Nd3 a5 19. c4 $146 ({Vorgänger:} 19. a4 c5 20. c4 Nb6 21. b3 Nd7 {½-½ (30) Tischbierek,R (2500)-Chekhov,V (2455) Leipzig 1988}) 19... Nb4 20. Rd1 Ke7 21. Be3 Rhb8 (21... Nc2 $11) 22. Bc5 $14 Nxd3 23. Bxd6+ Kxd6 24. Kxd3 $11 {[%mdl 4096] Endspiel KTT-KTT} Ke7 25. Kc3 g5 26. g3 (26. fxg5 $14 Rg8 27. Re1) 26... Rg8 27. Rd3 gxf4 28. gxf4 Rg4 29. Rf1 c5 30. Rh3 Rh8 31. Re3 Kf6 32. Rf2 h5 33. b3 h4 34. a3 h3 35. b4 $1 axb4+ 36. axb4 cxb4+ 37. Kxb4 Rg2 38. Rfe2 Rxe2 39. Rxe2 {KT-KT} Rh4 40. Rf2 e5 41. fxe5+ Kxe5 42. Kb5 Ke4 {[#] zielt auf ...f4 ab.} 43. c5 f4 {[%cal Bf5f4,Bf4f3,Bf3f2][%mdl 32]} 44. c6 Ke3 45. Rc2 $2 {[%mdl 8192] [#]} (45. c7 $11 Rh8 46. Rc2) 45... Rh8 $1 $19 46. c7 Rc8 47. Kb6 f3 48. Rc6 f2 {Schwarz setzt Matt.} 49. Rf6 Ke2 50. Re6+ Kf3 51. Rf6+ Kg2 52. Rg6+ Kxh2 53. Rf6 Kg2 54. Rg6+ Kf3 55. Rf6+ Ke3 56. Re6+ Kd4 57. Rd6+ Ke5 58. Rd1 Kf4 59. Rd7 h2 {Precision: Weiß = 66%, Schwarz = 72%.} 0-1

[Event "22nd OIBM 2018"]
[Site "Gmund am Tegernsee"]
[Date "2018.10.31"]
[Round "5"]
[White "Rietze, Clemens"]
[Black "Petrosyan, Manuel"]
[Result "0-1"]
[WhiteElo "2293"]
[BlackElo "2574"]
[Annotator "TA"]
[PlyCount "130"]
[EventDate "2018.10.27"]
[EventType "swiss"]
[EventCountry "GER"]
[SourceTitle "playchess.com"]
[Source "ChessBase"]
[SourceQuality "1"]

{[%evp 26,130,17,28,73,19,22,0,0,0,0,0,0,0,4,-10,-16,-17,-14,-21,-22,-18,-12,-45,-28,-28,-30,-30,-23,-23,-16,-16,-16,-16,-16,-20,-16,-30,-16,-17,-16,-26,0,0,0,0,0,0,12,0,0,0,0,0,0,0,0,0,0,0,0,-115,0,0,0,-125,-18,-33,-33,-106,-33,-33,-25,-205,-213,-217,-13,-94,-33,-33,-33,-33,-33,-33,-33,-47,-33,-47,-40,-73,-47,-112,0,-83,0,-112,-91,-131,-129,-100,-80,-132,-115,-167,-104,-544,-563]} 1. d4 Nf6 2. c4 g6 3. Nc3 Bg7 4. e4 d6 5. f3 O-O 6. Be3 c6 7. Bd3 a6 8. a4 a5 9. Qd2 Na6 10. Rd1 e5 11. Nge2 {E81: King's Indian: Sämisch: 6th move deviations (including 6 Be3 c6)} exd4 12. Nxd4 (12. Bxd4 Nc5 13. Bc2 Be6 14. b3 Qb6 15. O-O Qb4 16. Rb1 Rad8 17. Kh1 {½-½ (58) Topalov,V (2770)-Van Wely,L (2692) Wijk aan Zee 2012}) 12... Nd7 13. O-O Ne5 14. Be2 {LiveBook: 5 Games} Qc7 $146 ({Predecessor:} 14... Re8 15. Bf2 Qc7 16. Nc2 Be6 17. Ne3 Nc5 18. f4 Ned7 19. Qc2 Nf6 20. Bf3 {1-0 (51) Biedermann,T (2426)-Knoll,H (2427) ICCF email 2014}) 15. Kh1 (15. f4 $16 Ng4 16. Bxg4 Bxg4 17. Rde1) 15... Re8 $11 16. Rfe1 Nc5 17. Bg1 Qb6 18. Qc2 Ned7 19. Bf1 Nf8 20. Rb1 Nfe6 21. Nce2 Nxd4 22. Nxd4 Qb4 23. b3 {[#]} f5 $1 {[%mdl 512]} 24. Bd3 (24. exf5 Rxe1) 24... fxe4 25. Bxe4 {[#] aiming for Bd5+!} Bf5 $1 {[%mdl 512]} 26. Re2 (26. Nxf5 gxf5) 26... Bxe4 27. fxe4 Re7 28. Nf3 Rae8 {[%cal Rc5e4]} 29. Bxc5 Qxc5 30. Rd1 Re6 31. Qd3 Bf6 32. g3 Kg7 33. Kg2 h5 34. h4 Qb4 35. Nd4 R6e7 {[%cal Be6e7,Be7f7,Bf7f6][%mdl 32]} 36. Nf3 Rf7 37. Nd4 Be5 38. Nf3 Ref8 39. Ng5 Rf6 40. Rdd2 Qa3 41. Rd1 Kg8 42. Rc2 Qc5 43. Nh3 (43. Kh3 $11) 43... Kf7 (43... Rf3 $1 $17 {[%cal Rf3g3]} 44. Qxf3 Rxf3 45. Kxf3 b5 46. axb5 a4 47. bxa4 Qa3+ 48. Ke2 Qxa4) 44. Rdd2 Ke7 45. Rd1 {[#]} (45. Rf2 $11 {remains equal.}) 45... Kd7 (45... Rf3 $1 $17 {[%cal Rf3g3][%mdl 512]} 46. Qxf3 Rxf3 47. Kxf3 b5) 46. Re2 Kc8 47. Rc2 {[#]} (47. Qe3 $15) 47... Kb8 ({Better is} 47... Rf3 $1 $17 {[%mdl 512]} 48. Qxf3 Rxf3 49. Kxf3 b5 $1 {[%mdl 512]}) 48. Re2 $15 Ka7 49. Rc2 $2 (49. Rdd2 $11 {and White has nothing to worry.}) 49... Qb6 $19 {Strongly threatening ...Rf3!} 50. Rb1 {[#]} Qd4 $2 ({Black should play} 50... Rf3 $1 $19 {[%mdl 512]} 51. Qxf3 Rxf3 52. Kxf3 d5 $1 {[%mdl 512]}) 51. Rd1 {[#]} (51. Qxd4+ $11 {keeps the balance.} Bxd4 52. Rd1) 51... Qxd3 (51... Qc5 $1 $17 52. Ng5 Qb6) 52. Rxd3 $15 Kb6 53. Ng5 Re8 54. Nf3 Kc5 55. Rcd2 Re7 56. Rc2 Rf8 57. Rcd2 Kb4 58. Rc2 (58. Re3 $15) 58... Kc5 59. Rcd2 Kb4 60. Rc2 {[#]} Bg7 $1 61. c5 dxc5 62. Rc4+ Ka3 63. Rxc5 (63. Nd2 $142) 63... Rxe4 $17 64. Rxa5 Bh6 (64... Re2+ $19 65. Kg1 Rc2) 65. Re5 $2 {[%mdl 8192] [#]} (65. Kf2 $17) 65... Rxf3 $1 {[%mdl 512] Precision: White = 44%, Black = 54%.} 0-1

[Event "22nd OIBM 2018"]
[Site "Gmund am Tegernsee"]
[Date "2018.10.31"]
[Round "5"]
[White "Imnadze, Nato"]
[Black "Kick, Joachim"]
[Result "0-1"]
[WhiteElo "2291"]
[BlackElo "2070"]
[Annotator "NA RC"]
[PlyCount "90"]
[EventDate "2018.10.27"]
[EventType "swiss"]
[EventCountry "GER"]
[SourceTitle "playchess.com"]
[Source "ChessBase"]
[SourceQuality "1"]
[TimeControl "40/5400+30:1800+30"]

1. e4 {[%emt 0:00:00]} e5 {[%emt 0:00:00]} 2. d4 {[%emt 0:03:22]} exd4 {[%emt 0:00:00]} 3. Qxd4 {[%emt 0:00:04]} Nc6 {[%emt 0:00:19]} 4. Qe3 {[%emt 0:00:03]} Nf6 {[%emt 0:00:18]} 5. Bd2 {[%emt 0:00:28]} Bb4 {[%emt 0:06:09]} 6. Nc3 {[%emt 0:01:07]} O-O {[%emt 0:00:18]} 7. O-O-O {[%emt 0:00:05]} Re8 {[%emt 0:00:10]} 8. Qg3 {[%emt 0:02:06]} Nxe4 {[%emt 0:01:09]} 9. Nxe4 {[%emt 0:04:37]} Rxe4 {[%emt 0:00:22]} 10. c3 {[%emt 0:02:55] C22: Centre Game} Be7 {[%emt 0:00:58]} 11. Bd3 {[%emt 0:06:12]} (11. f4 d5 12. Bd3 Bf5 13. Nf3 Qd7 14. Bxe4 Bxe4 15. Be3 Na5 16. Bd4 f6 17. Rhe1 Qa4 18. Rxe4 dxe4 {0-1 (31) Kriebel,T (2445)-Michalik,P (2554) Slovakia 2017}) 11... Bh4 {[%emt 0:00:42]} 12. Qf3 {[%emt 0:01:33]} Re8 {[%emt 0:01:54]} 13. g3 {[%emt 0:03:47]} Bf6 $146 {[%emt 0:17:48]} ({Predecessor:} 13... Ne5 14. Qe4 Nxd3+ 15. Qxd3 Bf6 16. h4 d6 17. f3 g6 {0-1 (58) Tohirjonova,H (2135)-Vul,A (2287) Tashkent 2015}) 14. Bc2 {[%emt 0:04:52]} Ne5 {[%emt 0:28:35]} 15. Qe4 {[%emt 0:01:36]} g6 {[%emt 0:00:30]} 16. Be3 {[%emt 0:15:26]} d6 {[%emt 0:03:55]} 17. Bd4 {[%emt 0:00:11]} d5 {[%emt 0:11:02]} 18. Qg2 {[%emt 0:02:35]} c6 {[%emt 0:03:57]} 19. h4 {[%emt 0:03:38]} Ng4 {[%emt 0:09:43]} 20. h5 {[%emt 0:07:08]} g5 {[%emt 0:02:54]} 21. Qf3 {[%emt 0:09:00]} Ne5 {[%emt 0:04:02]} 22. Bxe5 {[%emt 0:01:39]} Rxe5 {[%emt 0:00:41]} 23. g4 {[%emt 0:00:18]} h6 {[%emt 0:00:38]} 24. Qd3 {[%emt 0:02:54]} Bg7 {[%emt 0:00:09]} 25. Nf3 {[%emt 0:07:58]} Re8 {[%emt 0:00:09]} 26. Nd4 {[%emt 0:01:22]} Qf6 {[%emt 0:00:58]} 27. Kb1 {[%emt 0:00:25]} Bxg4 {[%emt 0:02:13]} 28. f3 {[%emt 0:00:46]} Bd7 {[%emt 0:00:16]} 29. f4 {[%emt 0:01:50]} g4 {[%emt 0:00:07]} 30. Qh7+ {[%emt 0:01:42]} Kf8 {[%emt 0:00:07]} 31. Rhg1 {[%emt 0:00:01]} c5 {[%emt 0:01:52]} 32. Nb3 {[%emt 0:03:47]} b6 {[%emt 0:01:28]} 33. Rxd5 {[%emt 0:00:01]} Be6 {[%emt 0:00:28]} 34. Re5 {[%emt 0:02:43]} Rad8 {[%emt 0:01:15]} 35. Ree1 {[%emt 0:06:12]} a5 {[%emt 0:00:36]} 36. a4 {[%emt 0:00:58]} Bc8 {[%emt 0:00:59]} 37. Nc1 {[%emt 0:03:48]} c4 {[%emt 0:00:15]} 38. Ne2 {[%emt 0:00:47]} Bb7 $2 {[%emt 0:01:08]} (38... Rd5 $19 39. Ng3 Rxe1+ 40. Rxe1 Qxf4) 39. Nd4 $2 {[%emt 0:01:01]} ({Wrong is} 39. Rxg4 $2 Rd2 $19) (39. Ng3 $11) 39... Rxe1+ {[%emt 0:00:07]} 40. Rxe1 {[%emt 0:00:02]} Rxd4 {[%emt 0:00:34]} 41. cxd4 {[%emt 0:03:15]} Qxd4 {[%emt 0:00:36]} 42. Re5 {[%emt 0:00:07]} g3 {[%emt 0:07:03]} 43. Bg6 {[%emt 0:13:17]} fxg6 {[%emt 0:01:02]} 44. hxg6 {[%emt 0:03:00]} Be4+ {[%emt 0:04:32]} 45. Ka2 {[%emt 0:01:11]} g2 {[%emt 0:05:43]} 0-1

[Event "22nd OIBM 2018"]
[Site "Gmund am Tegernsee"]
[Date "2018.10.31"]
[Round "5"]
[White "Maier, Alexander"]
[Black "Jarmula, Lukasz"]
[Result "0-1"]
[WhiteElo "2275"]
[BlackElo "2492"]
[Annotator "TA"]
[PlyCount "120"]
[EventDate "2018.10.27"]
[EventType "swiss"]
[EventCountry "GER"]
[SourceTitle "playchess.com"]
[Source "ChessBase"]
[SourceQuality "1"]

{[%evp 25,120,-10,-24,-49,-47,-65,-81,-84,-42,-87,-84,-94,-80,-68,0,-29,0,-20,0,0,0,-96,-82,-137,-134,-152,-161,-250,-139,-178,-28,-33,-45,-43,-33,-42,-40,-100,-102,-105,-112,-134,-110,-110,-110,-110,-110,-109,-110,-154,-109,-144,-147,-189,-162,-195,-172,-152,-126,-227,-237,-247,-240,-365,-366,-425,-424,-387,-379,-466,-444,-447,-438,-12846,-12797,-5065,-656,-616,-609,-531,-476,-437,-323,-333,-327,-411,-398,-485,-483,-528,-482,-29970,-29972,-29971,-29973,-29972,-29974]} 1. e4 c5 2. Nf3 d6 3. d4 cxd4 4. Qxd4 Nc6 5. Bb5 Bd7 6. Bxc6 Bxc6 7. Nc3 Nf6 8. Bg5 e6 9. O-O-O Be7 10. Rhe1 O-O 11. Kb1 h6 12. Bh4 Qa5 {B53: Sicilian: 2...d6: Lines with Qxd4} (12... b5 13. Bxf6 Bxf6 14. Qxd6 Qb6 15. e5 Rfd8 16. Qb4 a5 17. Qf4 Be7 18. Ne4 Bxe4 19. Qxe4 Bc5 20. Rd3 Rxd3 21. cxd3 {½-½ (60) Zhigalko,S (2641)-Saric,I (2669) Riadh 2017}) 13. Qd2 Qh5 {LiveBook: 3 Games} 14. Bg3 Rfd8 {Black is slightly better.} 15. Qe3 $146 ({Predecessor:} 15. Nd4 d5 16. exd5 Nxd5 17. Re5 Nxc3+ 18. bxc3 Qg6 19. Qd3 Qxd3 20. cxd3 Bxg2 {0-1 (28) Goh,E (1619)-Yeo,R (1837) Penang 2016}) 15... b5 {[%cal Bb7b5,Bb5b4][%mdl 32]} 16. Nd4 Bd7 17. Nb3 b4 18. Ne2 e5 19. Na5 Bb5 20. Nc1 Rdb8 21. f3 Ne8 22. Ncb3 f6 23. Qg1 (23. Nd2 $11 {remains equal.}) 23... Qf7 24. Bf2 {[#]} (24. Qe3 $142) 24... Bd8 $1 $17 25. Rd5 f5 26. Rdd1 (26. g4 $142) 26... fxe4 (26... Bxa5 $19 27. Nxa5 Qc7) 27. Rxe4 {[#]} Nf6 (27... Bxa5 $1 $19 28. Nxa5 Qc7) 28. Rxb4 $11 Nd5 29. Re4 Bxa5 30. Nxa5 Be2 $1 31. Nb3 (31. Rxd5 $1 $15 Qxd5 32. Rxe2 Qxa5 33. Qd1) 31... Bxd1 $17 32. Qxd1 a5 $36 {[%mdl 2048] White is under strong pressure.} 33. Ra4 Rb4 34. Rxb4 axb4 35. Qd3 Kh8 36. Be1 Rc8 37. Bd2 Qc7 38. Bc1 Qc4 39. Qd1 Ra8 {White must now prevent ...Qa6.} 40. Bd2 e4 41. fxe4 Qxe4 42. g3 (42. Qf3 $17 {was worth a try.} Qxf3 43. gxf3) 42... Rf8 $19 43. Bc1 Rf2 44. h3 (44. h4 $142) 44... Ne3 45. Bxe3 Qxe3 {[%mdl 4096] Endgame KQR-KQN} 46. a3 bxa3 47. Qxd6 axb2 48. Kxb2 Rf3 49. Nd4 (49. g4 $142) 49... Qc3+ 50. Ka2 Rf1 (50... Rf6 $142 51. Qd8+ Kh7) 51. Qb8+ Kh7 {[%csl Gc3][%cal Rf1a1]} 52. Qb2 Qa5+ 53. Kb3 Rf8 54. c4 Qb6+ 55. Kc3 Qd6 56. Qc2+ Kh8 57. Qd3 Rd8 58. Qe3 (58. Qe4 $19) 58... Qa3+ {Black mates.} 59. Kd2 Qb2+ 60. Kd3 Qb3+ {Precision: White = 30%, Black = 72%.} 0-1

[Event "22nd OIBM 2018"]
[Site "Gmund am Tegernsee"]
[Date "2018.10.31"]
[Round "5"]
[White "Lipok, Christoph"]
[Black "Bellia, Fabrizio"]
[Result "0-1"]
[WhiteElo "2271"]
[BlackElo "2448"]
[Annotator "TA"]
[PlyCount "98"]
[EventDate "2018.10.27"]
[EventType "swiss"]
[EventCountry "GER"]
[SourceTitle "playchess.com"]
[Source "ChessBase"]
[SourceQuality "1"]

{[%evp 24,98,0,0,0,-13,-8,-25,-37,-30,-13,-37,-20,-45,-37,-101,-85,-86,-97,-79,-79,-97,-81,-99,-99,-182,-186,-178,-183,-291,-289,-272,-240,-271,-275,-275,-264,-301,-276,-273,-272,-284,-264,-257,-256,-266,-254,-240,-204,-315,-295,-342,-292,-352,-360,-342,-344,-332,-345,-333,-334,-326,-322,-407,-376,-484,-464,-627,-609,-531,-450,-951,-924,-897,-869,-1755,-1527]} 1. d4 Nf6 2. c4 e6 3. Nc3 Bb4 4. Qc2 O-O 5. a3 Bxc3+ 6. Qxc3 d5 7. Nf3 dxc4 8. Qxc4 b6 9. Bg5 {E36: Nimzo-Indian: Classical: 4...d5 5 a3} Ba6 10. Qa4 Qd7 11. Qxd7 (11. Qc2 c5 12. Bxf6 gxf6 13. Rd1 Qe7 14. g3 Bb7 15. Bg2 Rd8 16. O-O Nd7 {½-½ (30) Mamedyarov,S (2808)-Caruana,F (2816) Paris 2018}) 11... Nbxd7 12. e3 Bxf1 13. Rxf1 {LiveBook: 4 Games} Ne4 {[#]} 14. Bh4 $146 ({Predecessor:} 14. Ke2 c5 15. Bh4 Rac8 16. Rac1 c4 {½-½ (52) Socko,B (2657)-Lysyj,I (2666) Warsaw 2013}) 14... c5 15. Rd1 Rfc8 16. Nd2 Nd6 17. dxc5 Nxc5 {Black wants to play ...Nd3+.} 18. Bg3 Nf5 19. Nc4 (19. Nb1 $15) 19... Ne4 20. Nd2 Nexg3 21. hxg3 Rc2 22. b3 h5 23. Nc4 b5 $40 {[%mdl 128] Black wants a kill.} 24. Nd6 (24. Ne5 $17) 24... Nxd6 $19 25. Rxd6 {[%mdl 4096] Endgame KRR-KRR} Rb2 26. Rd2 (26. Rh1 {was necessary.}) 26... Rxb3 27. Ra2 Rc8 28. Ke2 a5 {[%cal Ba7a5,Ba5a4][%mdl 32]} 29. Rd1 Rcc3 30. Rd8+ Kh7 31. Rb8 a4 32. Kf3 Rc4 33. Rb7 Kg6 34. Rd2 {White hopes to continue with Rdd7.} Rc5 ({Don't take} 34... Rxa3 35. Rxb5 f6 36. Ra5 $19) 35. Ra2 Rf5+ 36. Ke4 (36. Ke2 $142) 36... Kf6 37. Rd7 Rc5 38. Rb7 g5 {[%cal Bg7g5,Bg5g4][%mdl 32]} 39. Kf3 g4+ 40. Ke2 Kg6 41. Rb6 Kg7 42. Rb7 e5 {[%cal Be6e5,Be5e4][%mdl 32]} 43. Rb6 e4 44. Rd6 Rcc3 {Black is clearly winning.} 45. Rb6 Rb1 46. Rb7 Rcb3 47. Re7 (47. Rd7 $142 b4 48. axb4) 47... R3b2+ 48. Rxb2 Rxb2+ 49. Ke1 b4 {Precision: White = 45%, Black = 91%.} 0-1

[Event "22nd OIBM 2018"]
[Site "Gmund am Tegernsee"]
[Date "2018.10.31"]
[Round "5"]
[White "Jahnz, Fabian"]
[Black "Hittinger, Christian"]
[Result "1-0"]
[WhiteElo "2244"]
[BlackElo "2068"]
[Annotator "TA"]
[PlyCount "51"]
[EventDate "2018.10.27"]
[EventType "swiss"]
[EventCountry "GER"]
[SourceTitle "playchess.com"]
[Source "ChessBase"]
[SourceQuality "1"]

{[%evp 17,51,-4,27,27,25,22,29,29,71,57,72,59,69,52,69,24,78,83,98,106,585,613,613,602,602,587,609,611,1337,1339,1809,1648,2192,2232,1833,1833]} 1. e4 {[%cal Be2e4,Be4e5][%mdl 32]} c6 2. d4 d5 3. e5 c5 4. Ne2 Nc6 5. c3 cxd4 (5... Bg4 6. h3 Bxe2 7. Bxe2 e6 8. O-O Qb6 9. dxc5 Bxc5 10. b4 Be7 11. Be3 Qc7 12. f4 Nh6 13. Na3 {½-½ (44) Vachier Lagrave,M (2795)-Anand,V (2786) Stavanger 2017}) 6. cxd4 {B12: Caro-Kann (Vorstoß-Variante)} Bf5 7. Nbc3 e6 8. Ng3 Bg6 9. Be3 Nge7 {LiveBook: 7 Partien} 10. Be2 Nf5 11. Nxf5 Bxf5 12. O-O h5 13. a3 $146 ({Schlechter ist} 13. Bxh5 Qh4 $17) ({Vorgänger:} 13. Rc1) 13... Bg6 14. Qb3 Rb8 15. Rac1 Be7 16. f4 Kf8 (16... h4 $11 {hält das Gleichgewicht.}) 17. f5 $36 {[%mdl 2048] Schwarz steht unter starkem Druck.} Bxf5 {[#]} 18. Nxd5 $1 {[%mdl 512]} Bg4 $2 {[%mdl 8192]} (18... Bh4 $16 {leistet mehr Widerstand.}) (18... Qxd5 19. Qxd5) 19. Bxg4 $18 {Weiß steht klar auf Gewinn.} hxg4 20. Nxe7 Qxe7 {[#]} 21. Rxc6 $1 {[%mdl 512]} Re8 (21... bxc6 22. Qxb8+) 22. Rc2 Rxh2 23. Kxh2 Qh4+ 24. Kg1 g3 25. Rf3 Qh2+ 26. Kf1 1-0

[Event "22nd OIBM 2018"]
[Site "Gmund am Tegernsee"]
[Date "2018.10.31"]
[Round "5"]
[White "Bente, Bjoern"]
[Black "Basener, Winfried"]
[Result "1-0"]
[WhiteElo "2228"]
[BlackElo "2064"]
[Annotator "TA"]
[PlyCount "95"]
[EventDate "2018.10.27"]
[EventType "swiss"]
[EventCountry "GER"]
[SourceTitle "playchess.com"]
[Source "ChessBase"]
[SourceQuality "1"]

{[%evp 17,95,25,46,40,43,27,32,33,50,36,112,126,179,179,192,192,190,190,189,197,192,197,194,194,194,145,190,198,200,201,203,186,423,421,424,396,412,412,410,408,413,413,397,364,393,365,627,646,646,638,612,595,679,581,628,627,614,595,668,647,894,880,858,663,759,761,737,730,5804,900,1141,1102,29982,29983,29980,1041,1124,1101,927,866]} 1. d4 Nf6 2. c4 e6 3. g3 Bb4+ 4. Bd2 c5 5. Bxb4 cxb4 6. Bg2 O-O 7. Nf3 Qc7 8. Nbd2 d6 9. O-O Nc6 {LiveBook: 3 Games. E11: Bogo-Indian} 10. Qb3 a5 11. d5 a4 $146 {White has an edge.} ({Predecessor:} 11... exd5 12. cxd5 Nb8 13. Rac1 Qb6 14. e4 Nbd7 15. Nc4 Qa6 16. e5 dxe5 17. Nfxe5 Nxe5 18. Nxe5 {½-½ (42) Farago,I (2520)-Grosar,A (2485) Slovenia 1995}) 12. Qd3 Na5 13. Rac1 b6 (13... e5 $14) 14. dxe6 $16 Bxe6 {[#]} (14... fxe6 $16 15. Nd4 Rb8) 15. Ng5 $1 $18 {And now Nde4 would win.} Rad8 16. Nde4 Nxe4 17. Qxe4 {[%csl Gg5][%cal Re4h7]} ({Much less strong is} 17. Bxe4 $6 g6 $16) 17... g6 18. Nxe6 $40 {[%mdl 128] Black is in trouble.} fxe6 19. Qxe6+ Kg7 20. e3 b3 21. a3 Rf5 22. Bd5 Re5 23. Qg4 Qc5 24. Rfd1 Rc8 $2 (24... Nc6 25. Kg2 Re7) 25. Qd7+ Kh8 26. Qxa4 Qc7 27. Qb4 h5 28. Qc3 {[#] Hoping for f4.} Kh7 29. Qd4 Rce8 30. Bg2 R8e6 31. Bh3 Rf6 $2 (31... Re7 32. Bf1 Rc5) 32. f4 Ree6 33. Bxe6 Rxe6 34. e4 {[%cal Be3e4,Be4e5][%mdl 32]} Nb7 35. Re1 Qe7 36. Re3 Nc5 37. Rce1 Qf7 38. Qd5 Qf6 39. e5 Qf5 40. Qd2 dxe5 41. Rxe5 Rxe5 42. Rxe5 {[%mdl 4096] Endgame KQR-KQN} Qc2 43. Re2 Qb1+ 44. Re1 Qf5 45. Re7+ Kh6 46. Qd4 (46. Qc3 $142 Qf8 47. Qe5 Ne4 48. Qxe4 Qd8 49. Qe5 Qd1+ 50. Kg2 Qc2+ 51. Kh3) 46... Qb1+ 47. Kg2 {[%cal Rd4h8]} Qc2+ 48. Kf3 {Precision: White = 66%, Black = 23%.} 1-0